<?xml version="1.0" encoding="UTF-8"?>
<marc:record xmlns:marc="http://www.loc.gov/MARC21/slim">
   <marc:leader>00000nam a2200000 a 4500</marc:leader>
   <marc:datafield ind1="1" ind2=" " tag="100">
      <marc:subfield code="a">Jacobson, Howard</marc:subfield>
      <marc:subfield code="4">aut</marc:subfield>
      <marc:subfield code="e">Verfasser/-in</marc:subfield>
   </marc:datafield>
   <marc:datafield ind1="1" ind2=" " tag="100">
      <marc:subfield code="a">Löcher-Lawrence, Werner</marc:subfield>
      <marc:subfield code="4">trl</marc:subfield>
      <marc:subfield code="e">Übersetzer/-in</marc:subfield>
   </marc:datafield>
   <marc:datafield ind1=" " ind2=" " tag="653">
      <marc:subfield code="a">Der Kaufmann von Venedig</marc:subfield>
   </marc:datafield>
   <marc:datafield ind1=" " ind2=" " tag="653">
      <marc:subfield code="a">Im Zoo</marc:subfield>
   </marc:datafield>
   <marc:datafield ind1=" " ind2=" " tag="653">
      <marc:subfield code="a">J</marc:subfield>
   </marc:datafield>
   <marc:datafield ind1=" " ind2=" " tag="653">
      <marc:subfield code="a">The Hogarth Shakespeare</marc:subfield>
   </marc:datafield>
   <marc:datafield ind1=" " ind2=" " tag="653">
      <marc:subfield code="a">Softcover / Belletristik/Erzählende Literatur</marc:subfield>
   </marc:datafield>
   <marc:datafield ind1=" " ind2=" " tag="653">
      <marc:subfield code="a">Fiktionale Darstellung</marc:subfield>
   </marc:datafield>
   <marc:datafield ind1=" " ind2=" " tag="653">
      <marc:subfield code="a">Erzählende Literatur</marc:subfield>
   </marc:datafield>
   <marc:datafield ind1="0" ind2="0" tag="245">
      <marc:subfield code="a">Shylock</marc:subfield>
   </marc:datafield>
   <marc:datafield ind1="0" ind2="0" tag="245">
      <marc:subfield code="b">Roman</marc:subfield>
   </marc:datafield>
   <marc:datafield ind1="0" ind2="0" tag="245">
      <marc:subfield code="c">Howard Jacobson ; aus dem Englischen von Werner Löcher-Lawrence</marc:subfield>
   </marc:datafield>
   <marc:datafield ind1=" " ind2="1" tag="264">
      <marc:subfield code="a">München</marc:subfield>
      <marc:subfield code="b">Knaus</marc:subfield>
      <marc:subfield code="c">2016</marc:subfield>
   </marc:datafield>
   <marc:datafield ind1=" " ind2=" " tag="250">
      <marc:subfield code="a">1. Auflage</marc:subfield>
   </marc:datafield>
   <marc:datafield ind1="1" ind2=" " tag="520">
      <marc:subfield code="a">Angaben aus der Verlagsmeldung

Shylock : Roman Shylock is my name / von Howard Jacobson

Von rebellischen Töchtern und verblendeten Vätern

Der reiche Kunstsammler Simon Strulovitch aus Manchester hat Sorgen: Seine aufmüpfige Tochter Beatrice ist in die Kreise der leichtlebigen Erbin Plurabelle und ihres persönlichen Assistenten D’Anton geraten. Nicht der richtige Umgang für ein jüdisches Mädchen, klagt Strulovitch seinem Zufallsbekannten Shylock. Dieser rät zur Zurückhaltung. Doch als Beatrice sich auch noch mit dem Fußball-Beau und Unterwäsche-Modell Howsome einlässt, sieht ihr Vater rot. Er verlangt, dass der junge Mann zum Judentum konvertiert. Mit Hilfe einer kleinen Operation ließe sich heute manches arrangieren. Aber das Leben hält nicht nur für Strulovitch ein paar Lektionen bereit.

Howard Jacobson fragt in diesem tiefsinnigen, gleichzeitig amüsanten und stellenweise irrwitzigen Roman: Was macht einen Mensch zum Juden? Und was heißt es, Jude zu sein in einer säkularen Welt? – Ein höchst burlesker Umgang mit dem vermeintlichen Antisemitismus des umstrittensten Dramas von Shakespeare.
</marc:subfield>
   </marc:datafield>
   <marc:datafield ind1=" " ind2=" " tag="020">
      <marc:subfield code="a">9783813506747</marc:subfield>
      <marc:subfield code="9">9783813506747</marc:subfield>
   </marc:datafield>
   <marc:datafield ind1=" " ind2=" " tag="020">
      <marc:subfield code="a">3813506746</marc:subfield>
      <marc:subfield code="9">3813506746</marc:subfield>
   </marc:datafield>
   <marc:datafield ind1=" " ind2=" " tag="041">
      <marc:subfield code="a">ger</marc:subfield>
   </marc:datafield>
   <marc:datafield ind1=" " ind2=" " tag="300">
      <marc:subfield code="a">284 S.</marc:subfield>
   </marc:datafield>
</marc:record>
